[Event "GER-chT U18 Girls"]
[Site "Karlsruhe"]
[Date "2015.05.08"]
[Round "3.1"]
[White "Becker, Nina"]
[Black "Dorendorf, Lena"]
[Result "1-0"]
[WhiteElo "1102"]
[BlackElo "1125"]
[PlyCount "67"]
[EventDate "2015.05.07"]
[EventType "team-swiss"]
[EventRounds "7"]
[EventCountry "GER"]
[SourceTitle "EXT 2017"]
[Source "ChessBase"]
[SourceDate "2016.10.25"]
[SourceVersion "1"]
[SourceVersionDate "2016.10.25"]
[SourceQuality "1"]
[WhiteTeam "Voelklingen Warndt (W)"]
[BlackTeam "Gadebusch Gymn (W)"]
[WhiteTeamCountry "GER"]
[BlackTeamCountry "GER"]

1. e4 e5 2. Nf3 Nc6 3. Bc4 Bc5 4. d3 Nf6 5. Nc3 d6 6. h3 h6 7. Bd2 Bd7 8. a3 0-0 9. Qe2 Re8 10. g4 Nh7 11. 0-0-0 a6 12. Rdg1 Ne7 13. g5 h5 14. g6 Nxg6 15. Rxg6 Be6 16. Bxe6 Rxe6 17. Rxe6 fxe6 18. Rg1 Qf6 19. Ng5 Nxg5 20. Bxg5 Qf7 21. Bh6 g6 22. Be3 Kf8 23. Bxc5 dxc5 24. Qe3 Kg7 25. Qxc5 Qf4+ 26. Kb1 Rc8 27. Qe7+ Qf7 28. Qg5 Kh7 29. Qxe5 Qxf2 30. Rg5 Qf1+ 31. Ka2 Qxh3 32. Qf6 Rg8 33. Ne2 Qe3 34. Nf4 1-0

[Event "GER-chT U18 Girls"]
[Site "Karlsruhe"]
[Date "2015.05.08"]
[Round "1.1"]
[White "Becker, Nina"]
[Black "Leinemann, Vivien Sophie"]
[Result "0-1"]
[WhiteElo "1102"]
[BlackElo "1425"]
[PlyCount "120"]
[EventDate "2015.05.07"]
[EventType "team-swiss"]
[EventRounds "7"]
[EventCountry "GER"]
[SourceTitle "EXT 2017"]
[Source "ChessBase"]
[SourceDate "2016.10.25"]
[SourceVersion "1"]
[SourceVersionDate "2016.10.25"]
[SourceQuality "1"]
[WhiteTeam "Voelklingen Warndt (W)"]
[BlackTeam "Hamburg CPG (W)"]
[WhiteTeamCountry "GER"]
[BlackTeamCountry "GER"]

1. e4 e6 2. d4 d5 3. e5 c5 4. Nf3 Nc6 5. Be3 Qb6 6. b3 Bd7 7. Be2 cxd4 8. Bxd4 Nxd4 9. Nxd4 Bc5 10. c3 Ne7 11. b4 Bxd4 12. Qxd4 Qxd4 13. cxd4 Nf5 14. 0-0 Nxd4 15. Bd3 Nc6 16. f4 Nxb4 17. Rf3 Rc8 18. Na3 0-0 19. Rb1 Nxd3 20. Rxd3 Rc7 21. Rdb3 b6 22. Nb5 Bxb5 23. Rxb5 Rfc8 24. g3 Rc1+ 25. Rxc1 Rxc1+ 26. Kg2 Rc2+ 27. Kf3 Rxh2 28. a3 Rc2 29. Rb3 f6 30. exf6 gxf6 31. Kg4 Rc4 32. Kh5 d4 33. Rd3 Rc5+ 34. Kg4 Rd5 35. Kf3 e5 36. Ke4 Rc5 37. Kf5 Kf7 38. g4 h6 39. a4 a6 40. Rb3 b5 41. axb5 Rxb5 42. Ra3 a5 43. Rd3 a4 44. Ra3 Ra5 45. Ke4 Ke6 46. f5+ Kd6 47. Kd3 Kc5 48. Kc2 Kb4 49. Kb2 Rc5 50. Ra1 Rc3 51. Ka2 Ra3+ 52. Kb2 Rxa1 53. Kxa1 Kc3 54. g5 hxg5 55. Ka2 Kc2 56. Ka3 d3 57. Ka2 d2 58. Ka3 d1Q 59. Ka2 Qb1+ 60. Ka3 Qb3# 0-1

[Event "GER-chT WK U18 4th"]
[Site "Kiel"]
[Date "2008.06.01"]
[Round "5.3"]
[White "Ludwig, Moritz"]
[Black "Becker, Nina"]
[Result "0-1"]
[WhiteElo "1078"]
[BlackElo "964"]
[PlyCount "114"]
[EventDate "2008.05.31"]
[EventType "team-swiss"]
[EventRounds "7"]
[EventCountry "GER"]
[SourceTitle "EXT 2010"]
[Source "ChessBase"]
[SourceDate "2010.11.25"]
[SourceVersion "1"]
[SourceVersionDate "2010.11.25"]
[SourceQuality "1"]

1. e4 e5 2. Nf3 Nc6 3. d4 d6 4. d5 Nce7 5. Nc3 Nf6 6. Bg5 Ng6 7. Qd2 Bd7 8. 0-0-0 c6 9. Bxf6 Qxf6 10. g3 Bg4 11. Bg2 Bxf3 12. Bxf3 Qxf3 13. Rde1 Be7 14. Na4 h6 15. dxc6 Bg5 16. Re3 Bxe3 17. Qxe3 Qxh1+ 18. Kd2 bxc6 19. Kc3 0-0 20. h4 Qh3 21. Qd2 Qg2 22. Kb3 Rab8+ 23. Ka3 Qf3+ 24. Nc3 Rb6 25. b4 Rfb8 26. Kb2 Rxb4+ 27. Kc1 Qh1+ 28. Qd1 Qxd1+ 29. Kxd1 Ne7 30. a3 R4b6 31. Kd2 g5 32. h5 f5 33. Ke3 Rb2 34. Kd2 d5 35. f3 dxe4 36. fxe4 fxe4 37. Nxe4 Nf5 38. Kd3 Rb1 39. g4 Ng7 40. Nf6+ Kf7 41. Nd7 Rd8 42. Ke4 Re1+ 43. Kf3 Rxd7 44. Kf2 Rdd1 45. Kf3 e4+ 46. Kg3 Re3+ 47. Kf2 Rxa3 48. Ke2 Rh1 49. Kd2 Rh2+ 50. Kc1 Ra1+ 51. Kb2 e3 52. Kxa1 e2 53. Kb2 e1Q 54. Kb3 Qe2 55. c3 Qb5+ 56. Ka3 Qb7 57. Ka4 Ra2# 0-1